Strategic information technology management Perspectives on organizational growth and competive avantage

Gespeichert in:
Bibliographische Detailangaben
1. Verfasser: Rajiv D Banker
Format: Buch
Sprache:Undetermined
Veröffentlicht: New York Idea Group 1992
Schlagworte:
Tags: Tag hinzufügen
Keine Tags, Fügen Sie den ersten Tag hinzu!
Thư viện lưu trữ: Trung tâm Học liệu Trường Đại học Cần Thơ
LEADER 00553nam a2200193Ia 4500
001 CTU_22082
008 210402s9999 xx 000 0 und d
082 |a 658 
082 |b B218 
100 |a Rajiv D Banker 
245 0 |a Strategic information technology management 
245 0 |b Perspectives on organizational growth and competive avantage 
245 0 |c Rajiv D Banker 
260 |a New York 
260 |b Idea Group 
260 |c 1992 
650 |a management 
904 |i Minh, 980303 
980 |a Trung tâm Học liệu Trường Đại học Cần Thơ